Organizations : structures, processes, and outcomes (Record no. 6322)

MARC details
000 -LEADER
fixed length control field 00380nam a2200145Ia 4500
008 - FIXED-LENGTH DATA ELEMENTS--GENERAL INFORMATION
fixed length control field 150201s2006 xx 000 0 und d
082 ## - DEWEY DECIMAL CLASSIFICATION NUMBER
Classification number 302.35
Item number HAL
100 ## - MAIN ENTRY--PERSONAL NAME
Personal name Hall, Richard H.
245 ## - TITLE STATEMENT
Title Organizations : structures, processes, and outcomes
250 ## - EDITION STATEMENT
Edition statement 9th Ed.
260 ## - PUBLICATION, DISTRIBUTION, ETC. (IMPRINT)
Name of publisher, distributor, etc. Pearson
Place of publication, distribution, etc. N.Delhi
Date of publication, distribution, etc. 2006
300 ## - PHYSICAL DESCRIPTION
Extent 292p.
700 ## - ADDED ENTRY--PERSONAL NAME
Personal name Tolbert, Pamela S.
942 ## - ADDED ENTRY ELEMENTS (KOHA)
Source of classification or shelving scheme Dewey Decimal Classification
Koha item type FCM Books

No items available.